| 000 -LEADER |
| fixed length control field |
00945nam a22000977a 4500 |
| 008 - FIXED-LENGTH DATA ELEMENTS--GENERAL INFORMATION |
| fixed length control field |
160425b xxu||||| |||| 00| 0 eng d |
| 100 ## - MAIN ENTRY--AUTHOR'S NAME |
| Author's Name |
Arnholtz, Svend |
| 245 ## - TITLE STATEMENT |
| Title |
Danske poststempler fra frimaerketiden. 1. del : Haandbog og katalog |
| 260 ## - PUBLICATION, DISTRIBUTION, ETC. (IMPRINT) |
| Place of publication, distribution, etc. |
Kopenhavn, Denmark |
| Name of publisher, distributor, etc. |
Kobenhavns Philatelist Klub |
| Date of publication, distribution, etc. |
1953 |
| 650 ## - TOPICAL TERM (Tag) |
| Topical term or geographic name |
Denmark | Postal Markings | 19th Century | 20th Century | Postal History | Post Offices | Railway Mail | Mobile Post Offices | Postal Routes | Letter Offices | Post Collection Offices | Military Mail | Shipping Companies and Packet Service | Maritime Mail | K.D.O.P.A. (Hamburg) | K.DAN.O.P.A. (Hamburg) | Royal Danish Post Office (Hamburg) | K.D.O.P.A. (Lubeck) | Royal Danish Post Office (Lubeck) | Germany -- Hamburg (1859-1868) | Germany -- Lubeck (1859-1868) | Germany -- Schleswig-Holstein (1850-1868) | German States | Copenhagen | Faroe Islands | Danish Colonies | Scandinavia Europe | Catalogs and Price Lists | Bibliographies |